Quizzes
Events
Quiz Creation
Community
Videos
Private Events
Remove Ads
Sign In
Join for FREE
Feedback
Dark Mode
Quiz Categories
Sports
Geography
Music
Movies
Television
Just For Fun
Miscellaneous
History
Literature
Language
Science
Gaming
Entertainment
Religion
Holiday
For Kids
Quiz Lab
Recent
Popular Today
Quiz Kudos Today
Editor Picks
Curator Picks
Quizzes by...
Day
Popularity
Type
Ratings
Length
Year
Community
Subscriptions
Recent Discussions
Orange Saloon
Badges
Playlists
Quests
Create
Leaderboards
Showdown
Live 5
Trivia Bingo
Activity
Puzzle Library
Sporcle Events
Private Events
Virtual Trivia
Globe League
Become a Host
Pub Owners
SporcleCon
Opinionation
Our Games
Videos
Blog
Mobile Apps
Partnerships
Remove Ads and Go Orange
Feedback
Entertainment
Celebrity
Famous
Musical
Broadway
Show
Quote
Comic Books
Anime
Superhero
DC Comics
Marvel
Cartoons
Animation
Entertainment
Celebrity
Famous
Musical
Broadway
Show
Quote
Comic Books
Anime
Superhero
DC Comics
Marvel
Cartoons
Animation
Random Quiz
Search Sporcle
×
Quiz Lab
Quiz Lab
Entertainment
Quote
Type in answers that appear in a list
Type in answers that appear in a list
Classic
Best Score? Go Orange.
A very Potter Sequel quotes Stats
Can you name the A very Potter Sequel quotes?
By
acidpop
5m
11 Questions
263 Plays
263 Plays
263 Plays
Comments
Comments
Give Quiz Kudos
Give Quiz Kudos
-
- Ratings
hide this ad
Forced Order
Answers have to be entered in order
Answers have to be entered in order
Replay
Link that replays current quiz
Next Quiz
Link to next quiz in quiz playlist
You Got
0%
They Got
Avg Score
62%
Avg Friend Score
Upgrade to see
Score Distribution
Jump to the score distribution portion of the page
Score
0/11
Timer
05:00
0
Plays Today
quotes
% Correct
Red Vines...What the hell can't they do?
Ron Weasley
90.5%
I… am a racist. I despise gingers, and mudbloods, I hate gryffindor house, and my parents work for the man who killed your parents, do you want to be my friend?
Draco Malfoy
88.6%
I got this scar when I was a baby. I was in the car with my parents when we crashed… into a crocodile. My parents got eaten, but then the crocodile took out a knife and gave me t
Harry Potter
81%
I undo the latches and let the diaper fall into the potty. Yes, father will hear of this
Draco Malfoy
80.6%
There's no way we're losing to Slytherin, Ravenclaw or Jigglypuff.
Remus Lupin
78.7%
It's so small...
Draco Malfoy
77.6%
To bad you were joking Professor. Because I could have given you one of your most adventurous nights of your life
Cho Chang
74.1%
This must be the emotion you humans know as... blood!
Firenze
66.2%
'I wanted to take your mom's boobies and put them on my face, and go: BLGHBLRRGHBLRBGHLRGHBL!!!'
Severes Snape
17.1%
Where did the poster of Headmaster Zefron go?
Severes Snape
16.7%
What do you want, you horrid b*tch?!
Severes Snape
15.6%
Quiz Playlist
Details
Report
Send in Message
Add To Playlist
Classic:
Type in answers that appear in a list
Forced Order:
Answers have to be entered in order
Last Updated: Feb 16, 2017
Quiz Scoreboard
CHALLENGE
Sign Up to Join the Scoreboard
Show All
Scores
Hide
Comments
May contain spoilers
Recently Published
Alphabetical 'K' Countries by Flag Minefield
by ylime102
Geography
3m
Pick 6: Fruits
by JohnFran
Miscellaneous
15s
Click the 1999 NBA Draft
by nibperrychub
Sports
2m
More to Explore
Quiz From the Vault
Featured Blog Post
15 Basketball Trivia Facts You Can Be March Mad About
hide this ad
You Might Also Like...
Tags
Quote Quiz
Today's Top Quizzes in Entertainment
Browse Entertainment
hide this ad
Today's Top Quizzes in Quote
Browse Quote
Top Contributed Quizzes in Entertainment
1
The Joker Actors by Order
2
Picture Click Blitz: Snow White
3
Marvel, Role-Playing, Shakespeare, and Cats, Oh My!
4
Heroes of Olympus Logic Puzzle
5
Double Word Hourglass: Comic Book Publishers
6
Dragon Ball Z: Goku's Fights in Order
7
Spider-Man Actors by Order
8
Comic Character by Cover Artist Pt 490 (Billy Tan)
9
Comic Character by Cover Artist Pt 491 (Billy Tan)
10
Click the Fictional Jane
Explore More
Trending Topics
Anime
Marvel
Harry Potter
Kpop
Disney
NBA
Crossword
Song
Soccer
NFL
Puzzle
WWE
Pokémon
The Office
Country
hide this ad
More By:
acidpop
Quiz
Plays
Rating
Category
Featured
Created
A very Potter Sequel quotes
263
2.33
Entertainment
Jan 20, 2011
Go to Creator's Profile
Score Distribution
Quiz Creator Spotlight
acidpop
Follow
Send a Message
Quizzes Created
-
Created Quiz Play Count
-
More By This Creator
Popular Quizzes Today
1
Countries of Asia Without Outlines Minefield
2
Find the US States - No Outlines Minefield
3
Pick 6: Fruits
4
Alphabetical 'K' Countries by Flag Minefield
5
The Countries of the World
6
Find the US States
7
US States
8
Match the Book to the Film X
More Entertainment Quizzes
'U' Funko Pop! Characters
Quiz Lab
Trending Quizzes
Pick 6: Mountains
Pick 6: Harry Potter
Pick 6: NFL Teams
Pick 6: Movie Franchises
Pick 6: Golfers
Recently Updated
NWSL Teams
pecheneg
Women's Final Four Teams by Year
bhenderson79
Presidents Quartet II
eogle
Anything But Clue(do)
eogle
Anything But Oceanian Capitals
eogle
Anything But 7
eogle
Anything But Thing
eogle
Word Ladder: February 29
pecheneg
Song Title Questions
pecheneg
Women's NCAA Tournament #1 Seeds
pecheneg
Trending Topics
Anime
Crossword
Harry Potter
NBA
Disney
Kpop
Marvel
Song
Country
NFL
Puzzle
WWE
Soccer
The Office
Pokémon
Your Account Isn't Verified!
In order to create a playlist on Sporcle, you need to verify the email address you used during registration. Go to your
Sporcle Settings
to finish the process.
Report this User
Report this user for behavior that violates our
Community Guidelines
.
Details:
Send Report
Go to the Sporcle.com Mobile Site →
Comments